[Event "CZE-chT2F 2223"]
[Site "Czech Republic"]
[Date "2023.03.26"]
[Round "11"]
[White "Siwek, Antonin"]
[Black "Ruman, Martin"]
[Result "1/2-1/2"]
[WhiteElo "1819"]
[BlackElo "1883"]
[PlyCount "33"]
[EventDate "2022.10.16"]
[EventType "team-tourn"]
[EventRounds "11"]
[EventCountry "CZE"]
[SourceTitle "EXT 2024"]
[Source "ChessBase"]
[SourceDate "2023.10.10"]
[SourceVersion "1"]
[SourceVersionDate "2023.10.10"]
[SourceQuality "1"]
[WhiteTeam "Havirov Slovan"]
[BlackTeam "Cesky Tesin Slavoj"]
[WhiteTeamCountry "CZE"]
[BlackTeamCountry "CZE"]

1. Nf3 d5 2. b3 c5 3. Bb2 Nc6 4. e3 Bg4 5. Be2 e6 6. 0-0 Nf6 7. d4 Bd6 8. Nbd2 cxd4 9. Nxd4 Bxe2 10. Qxe2 0-0 11. Rfd1 Rc8 12. c4 Qc7 13. h3 Nxd4 14. exd4 Bh2+ 15. Kh1 Bf4 16. c5 Bxd2 17. Rxd2 1/2-1/2

[Event "CZE-chT2F 2223"]
[Site "Czech Republic"]
[Date "2022.11.20"]
[Round "3"]
[White "Ruman, Martin"]
[Black "Keprt, Pavel"]
[Result "1-0"]
[WhiteElo "1883"]
[BlackElo "1917"]
[PlyCount "119"]
[EventDate "2022.10.16"]
[EventType "team-tourn"]
[EventRounds "11"]
[EventCountry "CZE"]
[SourceTitle "EXT 2024"]
[Source "ChessBase"]
[SourceDate "2023.10.10"]
[SourceVersion "1"]
[SourceVersionDate "2023.10.10"]
[SourceQuality "1"]
[WhiteTeam "Cesky Tesin Slavoj"]
[BlackTeam "Dobra Sokol"]
[WhiteTeamCountry "CZE"]
[BlackTeamCountry "CZE"]

1. d4 e6 2. c4 f5 3. Nf3 Nf6 4. Nc3 d5 5. Bg5 c6 6. e3 Bd6 7. cxd5 exd5 8. Bd3 Be6 9. Qc2 g6 10. Ne5 Nbd7 11. f4 Be7 12. h3 Ne4 13. Bxe7 Qxe7 14. Bxe4 dxe4 15. 0-0-0 Nb6 16. b3 Qa3+ 17. Qb2 Qb4 18. g4 0-0-0 19. gxf5 gxf5 20. Rhg1 Rhg8 21. Kc2 Qe7 22. Kb1 Kb8 23. Qf2 Qb4 24. Qb2 a5 25. Kc2 Kc7 26. Rc1 Nd5 27. Nxd5+ Bxd5 28. Qc3 Qxc3+ 29. Kxc3 b5 30. Rg5 h6 31. Rxf5 Rg2 32. Rc2 Rdg8 33. Ng4 Rg3 34. Rh5 Be6 35. Rxh6 Bxg4 36. hxg4 R8xg4 37. Kb2 Rg6 38. Rxg6 Rxg6 39. d5 Rg3 40. Rxc6+ Kd7 41. Ra6 Rxe3 42. Rxa5 b4 43. Ra4 Re2+ 44. Kc1 Kd6 45. Rxb4 Rxa2 46. Rxe4 Kxd5 47. Re8 Rf2 48. Rf8 Ke4 49. b4 Rxf4 50. Rxf4+ Kxf4 51. Kc2 Ke5 52. Kb3 Kd5 53. Ka4 Kc6 54. Ka5 Kb7 55. Kb5 Ka7 56. Kc6 Ka6 57. b5+ Ka7 58. Kc7 Ka8 59. Kb6 Kb8 60. Ka6 1-0